000 00584nam a2200181Ia 4500
003 GCL
008 140319s9999 xx 000 0 ara d
040 _aGCL /
_cGCL
082 0 4 _aط
_b030
_bش د
100 1 _aالشركة الشرقية للمطبوعات
245 1 0 _aالاستكشافات /
_cالشركة الشرقية للمطبوعات
490 _aديزنى
_v0
650 0 4 _aالاطفال
650 0 4 _aالكشوف العلمية
650 0 4 _aالاطار التاريخى (مصر فى العصر)
650 0 4 _aالكشوف الجغرافية
942 _2ddc
_cBK
999 _c42825
_d42825